000 00431nam a22001337a 4500
008 131217b xxu||||| |||| 00| 0 eng d
050 _aSPC DT868.T3
100 _aTatlow, A. H.
_95843
245 _aNatal Province
_bDescriptive guide and official hand-book
260 _aDurban
_bSouth African Railways Printing Works
_c1911
300 _axi; 574p.
_c26cm
650 _aSouth Africa - Natal Province
_95844
942 _2lcc
_cMONOGRAPH
999 _c119310
_d119310